000 00608nam a22002057a 4500
003 0
005 20230829093449.0
008 230829b xxu||||| |||| 00| 0 eng d
020 _a978-1-382-01659-9
050 _aTR QC 32
_b.H766 2023
100 _aHomer, David
245 _aPhysics : course companion
_cDavid Homer
250 _a2023 edition
260 _aLondon, United Kingdom
_bOxford University Press
_cc2023.
300 _axi, 713 pages :
_bcol. ill. ;
_c28 cm.
500 _aPhysics.
501 _aIncludes bibliographical references and index.
650 _aPhysics.
942 _2lcc
_cBK
999 _c365216
_d365216